NLSUI OPAC header image

Economic survey of Karnataka 2012 - 2013 : (Record no. 33164)

MARC details
000 -LEADER
fixed length control field 00628nam a2200181Ia 4500
003 - CONTROL NUMBER IDENTIFIER
control field OSt
005 - DATE AND TIME OF LATEST TRANSACTION
control field 20260407134411.0
008 - FIXED-LENGTH DATA ELEMENTS--GENERAL INFORMATION
fixed length control field 160316s2013 xxu||||| |||| 00| 0 eng d
082 ## - DEWEY DECIMAL CLASSIFICATION NUMBER
Classification number 330 ECO
245 ## - TITLE STATEMENT
Title Economic survey of Karnataka 2012 - 2013 :
Remainder of title planning, programme monitoring and statistics department /
Statement of responsibility, etc. Government Of Karnataka
260 ## - PUBLICATION, DISTRIBUTION, ETC.
Place of publication, distribution, etc. Bangalore :
Name of publisher, distributor, etc. Government Of Karnataka,
Date of publication, distribution, etc. 2013.
300 ## - PHYSICAL DESCRIPTION
Extent xxxvi, 512 p, ;
Dimensions 28 cm.
365 ## - TRADE PRICE
Price amount Gratis
650 ## - SUBJECT ADDED ENTRY--TOPICAL TERM
Topical term or geographic name entry element Economic Survey - India - Karnataka - 2012 - 2013.
650 ## - SUBJECT ADDED ENTRY--TOPICAL TERM
Topical term or geographic name entry element Economic Development - Status
700 ## - ADDED ENTRY--PERSONAL NAME
Personal name Government Of Karnataka
--
942 ## - ADDED ENTRY ELEMENTS (KOHA)
Source of classification or shelving scheme Dewey Decimal Classification
Koha item type BOOKs
Holdings
Withdrawn status Lost status Source of classification or shelving scheme Damaged status Not for loan Home library Current library Shelving location Date acquired Total Checkouts Full call number Barcode Date last seen Price effective from Koha item type
    Dewey Decimal Classification     . . General Stacks 30.05.2017   330 ECO-1 29965 30.05.2017 30.05.2017 BOOKs
    Dewey Decimal Classification     . . Library Compactors 30.05.2017   330 ECO-2 29966 30.05.2017 30.05.2017 BOOKs